000 00503nam a2200181Ia 4500
001 7624
005 20260306160509.0
008 260306t2018||||xx |||||||||||||| ||spa||
041 _aESP
082 _a352.34
_bO73
100 _aOrtegón Quiñones, Edgar
_eAUT
245 0 _aUna aproximación a la teoría de la complejidad:
_bplanificación, política pública y valor público
260 _c2018
300 _a284 páginas :
_c24 cm.
650 _aGEN
654 _aCAN
942 _cLIB
_dJUS
_fJUS
_2ddc
_n
999 _c7624
_d7624